[Event "13sen.WMH 2003 Senioren"]
[Site "Bad Zwischenahn(17.11.-29.11.2003)"]
[Date "2003.11.29"]
[Round "1.29"]
[White "Suchsland, Helmut,Dr."]
[Black "Ljubarskij, Jurij"]
[Result "0-1"]
[WhiteElo "1724"]
[BlackElo "2212"]
[PlyCount "44"]


1. e4 e5 2. Nf3 Nc6 3. d4 exd4 4. Nxd4 Bc5 5. Nb3 Bb6 6. Nc3 Qf6 7. Qd2 Nge7 8.
a4 a5 9. Bd3 d6 10. O-O Be6 11. Kh1 O-O 12. f4 Rad8 13. Ne2 d5 14. Ng3 dxe4 15.
Nxe4 Qh4 16. Ng5 Bxb3 17. g3 Bd5+ 18. Rf3 Qg4 19. Qg2 Nd4 20. Be2 Nxe2 21. Qxe2
Nf5 22. c4 Nd4 0-1

[Event "13sen.WMH 2003 Senioren"]
[Site "Bad Zwischenahn(17.11.-29.11.2003)"]
[Date "2003.??.??"]
[Round "1.32"]
[White "Opl, Klaus,Dr."]
[Black "Plassmann, Florenz"]
[Result "1-0"]
[WhiteElo "2275"]
[BlackElo "1854"]
[PlyCount "95"]


1. d4 d5 2. c4 e6 3. Nc3 Be7 4. Nf3 Nf6 5. Bg5 h6 6. Bh4 O-O 7. e3 b6 8. Qc2
Bb7 9. Bxf6 Bxf6 10. cxd5 exd5 11. O-O-O Nc6 12. Kb1 Rc8 13. g4 Na5 14. h4 Be7
15. g5 h5 16. Bh3 Nc4 17. g6 Qd6 18. Ne5 Nxe5 19. dxe5 Qxe5 20. Bxc8 Rxc8 21.
gxf7+ Kxf7 22. Rhg1 Bf6 23. Qg6+ Kf8 24. f4 Qe6 25. Qxh5 Qxe3 26. Rge1 Qf2 27.
Re2 Qxh4 28. Qxh4 Bxh4 29. Rh2 d4 30. Rxh4 dxc3 31. bxc3 Re8 32. Rh8+ Kf7 33.
Rxe8 Kxe8 34. Re1+ Kf7 35. Re5 Kf6 36. Kc2 Bc8 37. Kd3 c5 38. a3 Bf5+ 39. Ke3
g5 40. Re8 gxf4+ 41. Kxf4 Bd3 42. Ra8 a5 43. Ke3 Bc4 44. Rb8 b5 45. Rc8 Ke5 46.
Rxc5+ Kd6 47. Kd4 Bf1 48. Rh5 1-0

[Event "13sen.WMH 2003 Senioren"]
[Site "Bad Zwischenahn(17.11.-29.11.2003)"]
[Date "2003.11.29"]
[Round "1.33"]
[White "Roth, Reinhard"]
[Black "Rosen, Willy"]
[Result "1-0"]
[WhiteElo "1827"]
[BlackElo "2222"]
[PlyCount "59"]


1. e4 c5 2. Bc4 Nc6 3. Nf3 g6 4. O-O Bg7 5. c3 e6 6. Re1 Nge7 7. d3 O-O 8. Be3
d5 9. exd5 exd5 10. Bb3 b6 11. Qc1 Bf5 12. Rd1 Re8 13. h3 Qd7 14. d4 c4 15. Bc2
b5 16. Nbd2 b4 17. Nf1 Rab8 18. Bf4 Rb6 19. Re1 Bxc2 20. Qxc2 Nf5 21. Rxe8+
Qxe8 22. Re1 Qd7 23. Qd2 bxc3 24. bxc3 Bf8 25. g4 Nd6 26. Ng3 Qb7 27. Bxd6 Bxd6
28. Re8+ Kg7 29. Nh5+ gxh5 30. Qg5# 1-0

[Event "13sen.WMH 2003 Senioren"]
[Site "Bad Zwischenahn(17.11.-29.11.2003)"]
[Date "2003.??.??"]
[Round "1.34"]
[White "Kanko, Ilkka"]
[Black "Molez, Karl"]
[Result "1/2-1/2"]
[WhiteElo "2264"]
[BlackElo "1885"]
[PlyCount "74"]


1. d4 Nf6 2. c4 e6 3. Nf3 b6 4. a3 Bb7 5. Nc3 Be7 6. Bg5 O-O 7. e3 d5 8. Be2
Nbd7 9. O-O c5 10. cxd5 Nxd5 11. Bxe7 Qxe7 12. Rc1 Rac8 13. Qa4 Nxc3 14. Rxc3
a6 15. Rfc1 b5 16. Qa5 c4 17. a4 Qd8 18. Qxd8 Rfxd8 19. axb5 axb5 20. Nd2 Nb6
21. R3c2 Nd5 22. Bf3 Ba8 23. Ne4 Nb4 24. Rd2 Nd3 25. Ra1 f5 26. Ng5 Bxf3 27.
gxf3 Ra8 28. Rad1 Rd6 29. f4 Ra2 30. b3 Rxd2 31. Rxd2 Rc6 32. bxc4 bxc4 33. Ra2
Kf8 34. Rc2 Ke7 35. Nf3 Nb4 36. Rc3 Na2 37. Rc2 Nb4 1/2-1/2

[Event "13sen.WMH 2003 Senioren"]
[Site "Bad Zwischenahn(17.11.-29.11.2003)"]
[Date "2003.??.??"]
[Round "1.37"]
[White "Michaelis, Ernst"]
[Black "Klein, Manfred[40Siegb]"]
[Result "0-1"]
[WhiteElo "1820"]
[BlackElo "2137"]
[PlyCount "80"]


1. e4 c5 2. Nf3 d6 3. c3 Nf6 4. Bd3 Nc6 5. Bc2 Bg4 6. d3 g6 7. Nbd2 Bg7 8. h3
Bxf3 9. Nxf3 O-O 10. O-O b5 11. d4 Nd7 12. d5 Nce5 13. Nxe5 Nxe5 14. Qe2 c4 15.
Be3 Nd7 16. Bd4 Qc7 17. Bxg7 Kxg7 18. f4 Rab8 19. a3 a5 20. Kh2 Qc5 21. Rfd1
Nb6 22. Qf3 b4 23. axb4 axb4 24. Rdb1 b3 25. Bd1 Ra8 26. Be2 Ra2 27. Rxa2 bxa2
28. Ra1 Ra8 29. Bd1 Nd7 30. b4 cxb3 31. Bxb3 Ra3 32. Qd1 Qxc3 33. Bxa2 Nc5 34.
Qb1 Nb3 35. Bxb3 Rxa1 36. Qc2 Qd4 37. Qe2 Qg1+ 38. Kg3 Re1 39. Qc2 Re3+ 40. Kg4
h5+ 0-1

[Event "13sen.WMH 2003 Senioren"]
[Site "Bad Zwischenahn(17.11.-29.11.2003)"]
[Date "2003.??.??"]
[Round "1.39"]
[White "Spindler, Egbert"]
[Black "Goy, Udo"]
[Result "0-1"]
[WhiteElo "1771"]
[BlackElo "2180"]
[PlyCount "86"]


1. d4 Nf6 2. Nf3 c5 3. Nc3 e6 4. d5 exd5 5. Nxd5 d6 6. e3 Nc6 7. c4 g6 8. Bd2
Ne4 9. Be2 Bg7 10. Nc3 Nxc3 11. Bxc3 Bxc3+ 12. bxc3 O-O 13. O-O Be6 14. Qa4 Qd7
15. Rfd1 Rfd8 16. Nd2 Nd4 17. Qxd7 Nxe2+ 18. Kf1 Rxd7 19. Kxe2 f5 20. f3 Kf7
21. a4 Re8 22. a5 Ke7 23. Rdb1 Bf7 24. Rb2 Kd8 25. h3 Kc8 26. Ra4 Rde7 27. Nf1
Kc7 28. Kd3 g5 29. Re2 h5 30. Nd2 Bg6 31. Ra1 Kc6 32. Rae1 b6 33. Ra1 Rb8 34.
Rb1 Reb7 35. axb6 axb6 36. f4 g4 37. hxg4 fxg4+ 38. e4 Ra8 39. Rb2 Ra1 40. f5
Bf7 41. Rb1 Ra2 42. e5 dxe5 43. Rxe5 Rd7+ 0-1

[Event "13sen.WMH 2003 Senioren"]
[Site "Bad Zwischenahn(17.11.-29.11.2003)"]
[Date "2003.??.??"]
[Round "1.40"]
[White "Sawadkuhi, Massoud Amir"]
[Black "Marquardt, Rolf"]
[Result "1-0"]
[WhiteElo "2211"]
[BlackElo "1774"]
[PlyCount "57"]


1. e4 e6 2. d4 d5 3. e5 c5 4. c3 Qb6 5. Nf3 Bd7 6. a3 Bb5 7. b4 cxd4 8. Bxb5+
Qxb5 9. cxd4 a5 10. bxa5 Rxa5 11. Nc3 Qc4 12. Bb2 Bxa3 13. Rxa3 Rxa3 14. Nd2
Qa6 15. Bxa3 Qxa3 16. Nb5 Qb4 17. Nd6+ Kf8 18. Qa1 Ne7 19. Ke2 Nec6 20. Nf3 b6
21. Rb1 Qa5 22. Qb2 g6 23. Ra1 Qb4 24. Qxb4 Nxb4 25. Ra7 Kg7 26. Rxf7+ Kh6 27.
g4 N4c6 28. g5+ Kh5 29. Rf4 1-0

[Event "13sen.WMH 2003 Senioren"]
[Site "Bad Zwischenahn(17.11.-29.11.2003)"]
[Date "2003.??.??"]
[Round "1.43"]
[White "Assmann, Siegfried"]
[Black "Wagner, Carl[40USA]"]
[Result "0-1"]
[WhiteElo "1790"]
[BlackElo "2099"]
[PlyCount "52"]


1. d4 Nf6 2. e3 g6 3. Bd3 Bg7 4. Nd2 d6 5. c3 e5 6. f4 O-O 7. Ngf3 exd4 8. Nxd4
Re8 9. e4 Nxe4 10. O-O d5 11. f5 c5 12. fxg6 hxg6 13. N4f3 Nd6 14. Bc2 Bf5 15.
Nb3 Bxc2 16. Qxc2 b6 17. Bg5 Qd7 18. Rae1 Nc6 19. Bf4 Rxe1 20. Rxe1 Re8 21. Rd1
Nf5 22. Qd2 d4 23. cxd4 Ncxd4 24. Nfxd4 Nxd4 25. Kf1 Qf5 26. Kg1 Qxf4 0-1

[Event "13sen.WMH 2003 Senioren"]
[Site "Bad Zwischenahn(17.11.-29.11.2003)"]
[Date "2003.??.??"]
[Round "1.44"]
[White "Tchetchelnitski, Boris"]
[Black "Gensch, Manfred"]
[Result "1-0"]
[WhiteElo "2139"]
[BlackElo "1761"]
[PlyCount "41"]


1. d4 Nf6 2. Bg5 Ne4 3. Bh4 d5 4. f3 Nd6 5. Nc3 c6 6. e4 dxe4 7. fxe4 Qa5 8.
Qd2 Be6 9. Nge2 b5 10. b3 b4 11. Na4 Nxe4 12. Qe3 Nd6 13. Nc5 Nf5 14. Qf2 Nxh4
15. Nxe6 Nxg2+ 16. Bxg2 fxe6 17. O-O Qf5 18. Qe3 Qg6 19. Nf4 Qh6 20. Qxe6 Qxe6
21. Nxe6 1-0

[Event "13sen.WMH 2003 Senioren"]
[Site "Bad Zwischenahn(17.11.-29.11.2003)"]
[Date "2003.??.??"]
[Round "1.46"]
[White "Hohler, Peter"]
[Black "Bredendick, Franz"]
[Result "1/2-1/2"]
[WhiteElo "2168"]
[BlackElo "1792"]
[PlyCount "76"]


1. c4 c5 2. Nc3 Nc6 3. Nf3 Nf6 4. e3 g6 5. d4 cxd4 6. exd4 d5 7. Bg5 dxc4 8.
Bxc4 Bg7 9. h3 O-O 10. O-O a6 11. a4 h6 12. Be3 e6 13. Qd2 Kh7 14. Rad1 Nd5 15.
Nxd5 exd5 16. Ba2 Be6 17. Rc1 Qd7 18. Kh2 Rac8 19. a5 Qc7+ 20. Bf4 Qxa5 21.
Qxa5 Nxa5 22. Bd2 Nc6 23. Be3 g5 24. Rfd1 Kg8 25. Re1 Rfd8 26. Bb1 Nb4 27. Re2
Re8 28. g4 Bd7 29. Rh1 Nc6 30. Rd2 Bf8 31. Kg2 Na5 32. Rdd1 Nc6 33. Bd2 b5 34.
Be3 Na5 35. Ne5 Be6 36. Nd3 Nc4 37. Bc1 Bg7 38. Nc5 Rc6 1/2-1/2

[Event "13sen.WMH 2003 Senioren"]
[Site "Bad Zwischenahn(17.11.-29.11.2003)"]
[Date "2003.??.??"]
[Round "1.47"]
[White "Wittmann, Georg"]
[Black "Stuerzenbaum, Arthur"]
[Result "1/2-1/2"]
[WhiteElo "1820"]
[BlackElo "2186"]
[PlyCount "65"]


1. c4 g6 2. d4 Nf6 3. Nc3 Bg7 4. e4 d6 5. Nf3 O-O 6. Be2 e5 7. d5 Na6 8. Bg5 h6
9. Bxf6 Qxf6 10. O-O Qe7 11. Qc2 f5 12. a3 f4 13. b4 g5 14. h3 Nb8 15. Nh2 Nd7
16. Bg4 Nf6 17. Bxc8 Raxc8 18. f3 h5 19. b5 Rf7 20. a4 Bh6 21. Qe2 Rh7 22. Nd1
Bf8 23. Nf2 Qd8 24. a5 Rg7 25. a6 b6 26. Ra3 Qe8 27. Rd1 Be7 28. Rad3 Qg6 29.
Kh1 Kf7 30. Ra3 Rh8 31. Kg1 Nd7 32. Rc3 Ke8 33. Nd3 1/2-1/2

[Event "13sen.WMH 2003 Senioren"]
[Site "Bad Zwischenahn(17.11.-29.11.2003)"]
[Date "2003.??.??"]
[Round "1.48"]
[White "Krueger, Erich"]
[Black "Jakoby, Hans"]
[Result "1-0"]
[WhiteElo "2140"]
[BlackElo "1808"]
[PlyCount "65"]


1. d4 Nf6 2. c4 d6 3. Nc3 e5 4. dxe5 dxe5 5. Qxd8+ Kxd8 6. Nf3 Nfd7 7. Bd2 f6
8. O-O-O c6 9. g4 Kc7 10. g5 f5 11. h4 Bd6 12. Bh3 Rf8 13. Na4 Na6 14. Bc3 Nac5
15. Nxc5 Bxc5 16. Nxe5 Bxf2 17. Nxd7 Bxd7 18. Be5+ Kc8 19. Bxg7 Re8 20. Rxd7
Kxd7 21. Bxf5+ Kc7 22. e4 Rad8 23. Bf6 Rd7 24. Bxd7 Kxd7 25. e5 Ke6 26. h5 Be3+
27. Kc2 Rg8 28. g6 h6 29. Kd3 Bc5 30. Ke4 Be7 31. Bxe7 Kxe7 32. Rf1 Rg7 33. Rf6
1-0

[Event "13sen.WMH 2003 Senioren"]
[Site "Bad Zwischenahn(17.11.-29.11.2003)"]
[Date "2003.??.??"]
[Round "1.49"]
[White "Jakobsen, Henning"]
[Black "Ofstad, Per"]
[Result "0-1"]
[WhiteElo "1634"]
[BlackElo "2180"]
[PlyCount "64"]


1. f4 Nf6 2. Nf3 d5 3. e3 g6 4. b3 Bg7 5. Bb2 O-O 6. g3 c5 7. Bg2 Nc6 8. O-O b6
9. Qe2 Bb7 10. d3 Rc8 11. Nbd2 Ne8 12. Bxg7 Nxg7 13. e4 Nd4 14. Nxd4 cxd4 15.
Rfe1 e6 16. g4 dxe4 17. Nxe4 Rc7 18. Nd2 Bd5 19. Nf3 Bxf3 20. Bxf3 Qd6 21. Qe5
Qxe5 22. fxe5 Rd8 23. Bd1 Rc5 24. Re4 Kf8 25. Rb1 Ke7 26. b4 Rc7 27. b5 h5 28.
Rb4 hxg4 29. Rxg4 Nf5 30. Re4 f6 31. Bg4 fxe5 32. Bxf5 gxf5 0-1

[Event "13sen.WMH 2003 Senioren"]
[Site "Bad Zwischenahn(17.11.-29.11.2003)"]
[Date "2003.11.29"]
[Round "1.50"]
[White "Lentze, Ingo,Dr."]
[Black "Bosbach, Manfred"]
[Result "1-0"]
[WhiteElo "2072"]
[BlackElo "1766"]
[PlyCount "59"]


1. e4 e6 2. d4 d5 3. e5 c5 4. c3 Nc6 5. Nf3 Qb6 6. g3 cxd4 7. cxd4 f6 8. Bd3
Nb4 9. Be2 Bd7 10. Nc3 fxe5 11. dxe5 Bc5 12. O-O a5 13. a3 Na6 14. Na4 Qc6 15.
Nxc5 Qxc5 16. Be3 Qc7 17. b4 axb4 18. axb4 Qd8 19. b5 Nc7 20. Bb6 Rxa1 21. Qxa1
Qb8 22. Rc1 Na8 23. Bc5 b6 24. Bd6 Qb7 25. Rc2 Nh6 26. Ng5 Nf7 27. Ra2 Nxg5 28.
Rxa8+ Kf7 29. Rxh8 d4 30. Qa8 1-0

[Event "13sen.WMH 2003 Senioren"]
[Site "Bad Zwischenahn(17.11.-29.11.2003)"]
[Date "2003.??.??"]
[Round "1.51"]
[White "Langer, Wolfgang[39Leipz]"]
[Black "Rudnik, Heinz"]
[Result "0-1"]
[WhiteElo "1800"]
[BlackElo "1996"]
[PlyCount "54"]


1. d4 Nf6 2. g3 d5 3. Bg2 e6 4. Nf3 c5 5. e3 Nc6 6. O-O Be7 7. Nbd2 O-O 8. c3
Qc7 9. Re1 b6 10. e4 cxd4 11. cxd4 Nb4 12. Nf1 Nxe4 13. a3 Nc6 14. Bf4 Bd6 15.
Rc1 Bxf4 16. gxf4 f6 17. Ng3 Bb7 18. Nxe4 dxe4 19. Rxe4 Qf7 20. Qe2 Rfe8 21.
Re3 Rad8 22. Rd1 Rd5 23. b4 Rdd8 24. b5 Ne7 25. Rc3 Nd5 26. Rc6 Bxc6 27. bxc6
Nc3 0-1

[Event "13sen.WMH 2003 Senioren"]
[Site "Bad Zwischenahn(17.11.-29.11.2003)"]
[Date "2003.??.??"]
[Round "1.52"]
[White "Hamm, Georg,Dr."]
[Black "Fischer, Paul[37Hiltrup]"]
[Result "0-1"]
[WhiteElo "2025"]
[BlackElo "1745"]
[PlyCount "76"]


1. Nf3 g6 2. e4 Bg7 3. d4 c6 4. c4 d6 5. Nc3 Bg4 6. Be3 Nd7 7. Be2 e5 8. O-O f5
9. dxe5 Bxf3 10. Bxf3 Bxe5 11. exf5 Qh4 12. g3 Qxc4 13. Be2 Qf7 14. f4 Bxc3 15.
bxc3 d5 16. fxg6 hxg6 17. Qd2 Qe6 18. Bd4 Rh6 19. Bd3 O-O-O 20. Rae1 Qd6 21.
Be3 Ngf6 22. f5 Rh3 23. Bf4 Qc5+ 24. Qf2 Rdh8 25. Be3 Qxc3 26. Be2 Rxh2 27.
Qxh2 Rxh2 28. Kxh2 Qxe3 29. fxg6 Qh6+ 30. Kg2 Qxg6 31. Rf4 Ne5 32. Ref1 Ne4 33.
g4 Kc7 34. Kh3 Qh6+ 35. Kg2 Qh4 36. Bd1 Qg3+ 37. Kh1 Nd3 38. R1f3 Nef2+ 0-1

[Event "13sen.WMH 2003 Senioren"]
[Site "Bad Zwischenahn(17.11.-29.11.2003)"]
[Date "2003.??.??"]
[Round "1.53"]
[White "Grabara, Manfred"]
[Black "Fahnenschmidt, Gerhard,Dr."]
[Result "0-1"]
[WhiteElo "1741"]
[BlackElo "2087"]
[PlyCount "44"]


1. f4 Nf6 2. b3 c5 3. e3 g6 4. Bb2 Bg7 5. g4 h6 6. Bg2 Nc6 7. h3 d5 8. d3 O-O
9. Nf3 Nxg4 10. Bxg7 Nxe3 11. Qe2 Nxg2+ 12. Qxg2 Kxg7 13. O-O Qd6 14. Nc3 Be6
15. Rae1 Qxf4 16. Ne2 Qd6 17. Nh4 Bd7 18. Ng3 Kh7 19. Rf3 f5 20. Kh1 f4 21. Ne2
g5 22. Rg1 Ne5 0-1

[Event "13sen.WMH 2003 Senioren"]
[Site "Bad Zwischenahn(17.11.-29.11.2003)"]
[Date "2003.??.??"]
[Round "1.54"]
[White "Waisberg, Arnold"]
[Black "Loesche, Heinz"]
[Result "1/2-1/2"]
[WhiteElo "2014"]
[BlackElo "1784"]
[PlyCount "76"]


1. e4 e6 2. d4 d5 3. Nd2 a6 4. Bd3 c5 5. exd5 exd5 6. dxc5 Bxc5 7. Nb3 Ba7 8.
Qe2+ Qe7 9. Bg5 f6 10. Bd2 Nc6 11. Qxe7+ Ngxe7 12. Nf3 O-O 13. O-O Re8 14. Bc3
Be6 15. Rfe1 Bf7 16. Nbd4 Nxd4 17. Nxd4 Nc6 18. Rxe8+ Bxe8 19. Ne6 Bb6 20. Re1
Bf7 21. Kf1 Re8 22. Nf4 Ne5 23. Bf5 Bc7 24. Bd4 g6 25. Bh3 Bd6 26. Re3 Bf8 27.
Rb3 Re7 28. Bc5 Rc7 29. Bxf8 Kxf8 30. c3 Ke7 31. Ke2 g5 32. Nd3 d4 33. Rb4 dxc3
34. bxc3 Nxd3 35. Kxd3 Bxa2 36. c4 Bb1+ 37. Kd4 f5 38. g3 Be4 1/2-1/2

[Event "13sen.WMH 2003 Senioren"]
[Site "Bad Zwischenahn(17.11.-29.11.2003)"]
[Date "2003.??.??"]
[Round "1.56"]
[White "Delander, Adolf"]
[Black "Wanner, Georges"]
[Result "1-0"]
[WhiteElo "2006"]
[BlackElo "1680"]
[PlyCount "79"]


1. d4 Nf6 2. Nf3 g6 3. Nbd2 Bg7 4. e4 d6 5. Bc4 O-O 6. O-O Nc6 7. c3 e6 8. Qc2
Ne7 9. e5 Nd7 10. exd6 cxd6 11. Re1 d5 12. Bd3 b6 13. Nf1 Nf6 14. Ng3 Nf5 15.
Bf4 Nxg3 16. Bxg3 Nh5 17. Ne5 Nxg3 18. hxg3 Bxe5 19. Rxe5 f5 20. Rae1 Rf6 21.
Qd2 Kg7 22. Qd1 Qd6 23. g4 Bd7 24. g5 Rf7 25. f4 Re8 26. Qb3 Rfe7 27. R1e3 b5
28. a3 a5 29. Bxb5 Bxb5 30. Qxb5 Rb8 31. Qe2 Rbe8 32. g3 Qb6 33. b4 axb4 34.
axb4 Kf8 35. g4 Ra8 36. gxf5 gxf5 37. Rxf5+ Ke8 38. Rxd5 Ra1+ 39. Kh2 Qc6 40.
Qb5 1-0

[Event "13sen.WMH 2003 Senioren"]
[Site "Bad Zwischenahn(17.11.-29.11.2003)"]
[Date "2003.??.??"]
[Round "1.57"]
[White "Barlo, Werner"]
[Black "Ousatchi, Mark"]
[Result "1/2-1/2"]
[WhiteElo "1735"]
[BlackElo "2041"]
[PlyCount "53"]


1. e4 e5 2. Nf3 Nc6 3. Nc3 Bb4 4. Nd5 Be7 5. Nxe7 Qxe7 6. Bc4 Nf6 7. d3 d6 8.
h3 O-O 9. Bg5 Na5 10. Bb3 Bd7 11. O-O h6 12. Bd2 Nxb3 13. axb3 Nh5 14. Be3 b6
15. Qd2 f5 16. exf5 Rxf5 17. Nh2 Rf7 18. f3 c5 19. Ng4 Nf4 20. Bxf4 Rxf4 21.
Rfe1 Qf7 22. Re4 d5 23. Rxf4 Qxf4 24. Qxf4 exf4 25. Re1 Re8 26. Rxe8+ Bxe8 27.
Nf2 1/2-1/2

[Event "13sen.WMH 2003 Senioren"]
[Site "Bad Zwischenahn(17.11.-29.11.2003)"]
[Date "2003.11.29"]
[Round "1.58"]
[White "Bierwisch, Bernhard"]
[Black "Oser, Thor"]
[Result "1-0"]
[WhiteElo "2109"]
[BlackElo "1722"]
[PlyCount "37"]


1. e4 c6 2. Nf3 g6 3. d4 Bg7 4. Nc3 Qc7 5. Be2 d6 6. O-O Nd7 7. Be3 Nf8 8. Qd2
h5 9. h3 Bd7 10. e5 d5 11. Na4 Nh6 12. c4 dxc4 13. Nc5 Nf5 14. Bxc4 Nxe3 15.
Qxe3 Bh6 16. Qb3 O-O-O 17. Bxf7 Be8 18. Be6+ Kb8 19. Na6+ 1-0

[Event "13sen.WMH 2003 Senioren"]
[Site "Bad Zwischenahn(17.11.-29.11.2003)"]
[Date "2003.??.??"]
[Round "1.59"]
[White "Grassmehl, Gerhard"]
[Black "Villing, Dieter"]
[Result "1/2-1/2"]
[WhiteElo "1721"]
[BlackElo "2170"]
[PlyCount "86"]


1. d4 d6 2. c4 e5 3. dxe5 dxe5 4. Nc3 Qxd1+ 5. Kxd1 c6 6. Nf3 f6 7. e4 Na6 8.
a3 Nc5 9. Kc2 a5 10. Be3 Nh6 11. h3 Nf7 12. Rd1 a4 13. Be2 Be7 14. Ne1 Be6 15.
f4 exf4 16. Bxf4 Ne5 17. Bxe5 fxe5 18. Nf3 O-O 19. Rhf1 Bf6 20. g4 h6 21. Rg1
Rad8 22. g5 Rxd1 23. Kxd1 Rd8+ 24. Kc2 hxg5 25. Nxg5 Bxg5 26. Rxg5 Bxh3 27.
Rxe5 Nb3 28. Rh5 Nd4+ 29. Kc1 Nxe2+ 30. Nxe2 Bg4 31. Rh2 Bxe2 32. Rxe2 Rd4 33.
Kc2 Rxc4+ 34. Kd3 Rc1 35. e5 Rd1+ 36. Ke4 Rd5 37. Rf2 Rd1 38. e6 Re1+ 39. Kf5
Rd1 40. Ke5 Rd5+ 41. Ke4 Rd1 42. Ke5 Rd5+ 43. Ke4 Rd1 1/2-1/2

[Event "13sen.WMH 2003 Senioren"]
[Site "Bad Zwischenahn(17.11.-29.11.2003)"]
[Date "2003.??.??"]
[Round "1.60"]
[White "Viner, Phillip"]
[Black "Fiedler, Eduard"]
[Result "1/2-1/2"]
[WhiteElo "2127"]
[BlackElo "1734"]
[PlyCount "71"]


1. d4 e5 2. dxe5 Nc6 3. Nf3 Qe7 4. e3 Nxe5 5. Be2 Nxf3+ 6. Bxf3 Nf6 7. O-O c6
8. Nc3 h5 9. e4 Qe5 10. Nd5 cxd5 11. exd5 Qc7 12. Re1+ Kd8 13. Bg5 Qd6 14. Qd2
b6 15. Bf4 Qb4 16. c3 Qc4 17. b3 Qc5 18. d6 Rb8 19. Rad1 Bb7 20. Re5 Qa3 21.
Bxb7 Rxb7 22. c4 Rb8 23. Bg5 Rc8 24. Rd5 Rc5 25. Qd4 Kc8 26. Bxf6 gxf6 27. Qxf6
Rxd5 28. cxd5 Rh6 29. Qxf7 Qxd6 30. Qe8+ Kb7 31. Rc1 b5 32. Qc8+ Kb6 33. Qd8+
Kb7 34. Qc8+ Kb6 35. Qd8+ Kb7 36. Qc8+ 1/2-1/2

[Event "13sen.WMH 2003 Senioren"]
[Site "Bad Zwischenahn(17.11.-29.11.2003)"]
[Date "2003.??.??"]
[Round "1.61"]
[White "Becker, Guenter[40Steinb]"]
[Black "Bogorad, Michail"]
[Result "0-1"]
[WhiteElo "1669"]
[BlackElo "2063"]
[PlyCount "78"]


1. c4 c5 2. Nc3 Nc6 3. Nf3 g6 4. d4 cxd4 5. Nxd4 Bg7 6. Nxc6 bxc6 7. e4 d6 8.
Be2 Nf6 9. O-O O-O 10. Be3 Qa5 11. Qd2 Rd8 12. a3 Be6 13. b4 Qe5 14. f4 Nxe4
15. fxe5 Nxd2 16. Bxd2 Bxe5 17. Rad1 f5 18. Bd3 Bf7 19. Ne2 Bg7 20. Bg5 Rd7 21.
Rd2 e5 22. Rc1 h6 23. Bh4 e4 24. Bb1 d5 25. cxd5 cxd5 26. Bf2 Bf6 27. h4 Re8
28. Be3 Bxh4 29. Bxh6 e3 30. Rd3 Bf2+ 31. Kf1 Re4 32. Bf4 Kg7 33. Rd4 Re8 34.
Bg3 Bxg3 35. Nxg3 Kf6 36. Ke2 Rde7 37. Nf1 g5 38. Re1 f4 39. Bd3 Bh5+ 0-1

[Event "13sen.WMH 2003 Senioren"]
[Site "Bad Zwischenahn(17.11.-29.11.2003)"]
[Date "2003.??.??"]
[Round "1.62"]
[White "Werchan, Hans,Dr."]
[Black "Hesselbarth, Karlheinz"]
[Result "1-0"]
[WhiteElo "2022"]
[BlackElo "1720"]
[PlyCount "123"]


1. Nf3 Nf6 2. c4 e6 3. g3 d5 4. Bg2 c5 5. O-O Be7 6. d3 O-O 7. b3 Nc6 8. Bb2 d4
9. e4 e5 10. Ne1 Bg4 11. f3 Bh5 12. Bh3 h6 13. Qe2 Nh7 14. Bg4 Bxg4 15. fxg4
Bg5 16. Ng2 Qd7 17. Na3 Rae8 18. Nc2 Re6 19. Rf2 Be7 20. Nh4 g6 21. Raf1 Bg5
22. Ng2 Nd8 23. h4 Be7 24. Bc1 g5 25. Rf5 f6 26. Bd2 Nf7 27. Rb1 Nd6 28. Rff1
b6 29. b4 Nb7 30. b5 Rd8 31. Na1 Na5 32. Nb3 Nxb3 33. axb3 Nf8 34. Ra1 Bd6 35.
Ra4 Qe7 36. Ne1 Bb8 37. Qf3 Qh7 38. Kg2 Ng6 39. Qf5 Rde8 40. Rh1 gxh4 41. gxh4
Nf4+ 42. Bxf4 exf4 43. Qxh7+ Kxh7 44. Kf3 Rg8 45. h5 Re5 46. Ra2 f5 47. gxf5
Rg3+ 48. Kf2 Re8 49. Nf3 Reg8 50. Rh2 R8g7 51. Ra1 Rxf3+ 52. Kxf3 Rg3+ 53. Ke2
Re3+ 54. Kd2 f3 55. Rf2 Bg3 56. Rff1 Bf4 57. Rxa7+ Kh8 58. Ra4 Kh7 59. Rfa1
Rxe4+ 60. Kd1 Re7 61. Ra7 Rg7 62. f6 1-0

[Event "13sen.WMH 2003 Senioren"]
[Site "Bad Zwischenahn(17.11.-29.11.2003)"]
[Date "2003.??.??"]
[Round "1.63"]
[White "Schwarz, Werner[40Fürth]"]
[Black "Kock, Hans-Uwe"]
[Result "1/2-1/2"]
[WhiteElo "1725"]
[BlackElo "2090"]
[PlyCount "86"]


1. e4 c6 2. d4 d5 3. Nc3 g6 4. Be3 Bg7 5. Nf3 Bg4 6. Be2 e6 7. h3 Bxf3 8. Bxf3
Ne7 9. Qd2 O-O 10. Bh6 dxe4 11. Nxe4 Nf5 12. Bxg7 Kxg7 13. O-O-O Nh4 14. Qc3
Qd5 15. Kb1 Nxf3 16. Qxf3 Nd7 17. Rhe1 Rad8 18. Qe2 b5 19. g3 a5 20. b3 b4 21.
g4 Ra8 22. a4 Rfe8 23. f4 h6 24. Qf2 f5 25. Nc5 Rad8 26. Nxd7 Qxd7 27. Re5 Qa7
28. Qe3 Kf7 29. Rd3 Rd5 30. gxf5 gxf5 31. Qe2 Rxd4 32. Qh5+ Ke7 33. Qxf5 Kd7
34. Rxa5 Qb6 35. Rxd4+ Qxd4 36. Qh7+ Re7 37. Qxh6 Qd1+ 38. Kb2 Qd4+ 39. Ka2 Qf2
40. Qg6 Kc7 41. Qd3 Rd7 42. Qc4 Rd5 43. Rxd5 exd5 1/2-1/2

[Event "13sen.WMH 2003 Senioren"]
[Site "Bad Zwischenahn(17.11.-29.11.2003)"]
[Date "2003.??.??"]
[Round "1.64"]
[White "Ahlberg, Guenter"]
[Black "Giering, Gregor"]
[Result "1/2-1/2"]
[WhiteElo "1932"]
[BlackElo "1752"]
[PlyCount "68"]


1. e4 e5 2. Nf3 d6 3. d4 exd4 4. Nxd4 Nf6 5. Nc3 Be7 6. Bc4 O-O 7. O-O Bd7 8.
Be3 Nc6 9. f4 Ng4 10. Nxc6 Nxe3 11. Nxd8 Nxd1 12. Raxd1 Raxd8 13. Nd5 Bf6 14.
Nxf6+ gxf6 15. Rfe1 Rfe8 16. Re3 Re7 17. Rde1 Rde8 18. Kf2 a6 19. h3 b5 20. Bd3
c5 21. c4 Bc6 22. g4 b4 23. Bc2 Kg7 24. Kf3 h5 25. Rd1 hxg4+ 26. hxg4 Rd7 27.
Rh1 Rh8 28. Rxh8 Kxh8 29. f5 Kg7 30. Kf4 Rd8 31. Rd3 a5 32. Rg3 Rh8 33. Rg2 Kf8
34. Kg3 Ke7 1/2-1/2

[Event "13sen.WMH 2003 Senioren"]
[Site "Bad Zwischenahn(17.11.-29.11.2003)"]
[Date "2003.??.??"]
[Round "1.65"]
[White "Glaser, Heinz-Alfred"]
[Black "Hoeschele, Hans-Ulrich"]
[Result "0-1"]
[WhiteElo "1683"]
[BlackElo "2080"]
[PlyCount "71"]


1. e4 e5 2. d4 exd4 3. c3 dxc3 4. Bc4 Qf6 5. Nxc3 c6 6. Nf3 b5 7. Bb3 Bb4 8.
Bd2 Qe7 9. O-O Na6 10. a3 Bc5 11. e5 h6 12. Re1 Bb7 13. Ne4 O-O-O 14. Nxc5 Qxc5
15. Be3 Qf8 16. Bxa7 d5 17. exd6 Rxd6 18. Re8+ Qxe8 19. Qxd6 Nf6 20. Re1 Qd7
21. Qxd7+ Nxd7 22. Bxf7 Kc7 23. b4 Rf8 24. Be6 c5 25. Bxd7 Kxd7 26. Ne5+ Kd6
27. bxc5+ Kd5 28. c6 Ra8 29. cxb7 Rxa7 30. Nd3 Rxb7 31. Nb4+ Nxb4 32. axb4 Ra7
33. f3 Kc4 34. Re4+ Kc3 35. h4 Rd7 36. g4 0-1

[Event "13sen.WMH 2003 Senioren"]
[Site "Bad Zwischenahn(17.11.-29.11.2003)"]
[Date "2003.??.??"]
[Round "1.66"]
[White "Ballon, Guenther Jan"]
[Black "Weyand, Fernand"]
[Result "1-0"]
[WhiteElo "2156"]
[BlackElo "1705"]
[PlyCount "35"]


1. d4 Nf6 2. c4 e6 3. Nc3 Bb4 4. f3 d5 5. a3 Bxc3+ 6. bxc3 c5 7. cxd5 cxd4 8.
dxe6 Bxe6 9. cxd4 Nc6 10. e3 O-O 11. Bd3 b5 12. Ne2 Rc8 13. O-O a6 14. a4 Qb6
15. axb5 axb5 16. Bd2 Rfd8 17. Qb1 Na7 18. Ba5 1-0

[Event "13sen.WMH 2003 Senioren"]
[Site "Bad Zwischenahn(17.11.-29.11.2003)"]
[Date "2003.??.??"]
[Round "1.67"]
[White "Sarkosch, Nerssi,Dr."]
[Black "Winiwarter, Felix,Dr."]
[Result "0-1"]
[WhiteElo "1646"]
[BlackElo "2244"]
[PlyCount "62"]


1. c4 Nf6 2. g3 g6 3. Bg2 Bg7 4. Nc3 O-O 5. e4 d6 6. Nge2 e5 7. O-O Nc6 8. f4
exf4 9. gxf4 Ng4 10. h3 Nh6 11. d4 Re8 12. Be3 Nf5 13. Bf2 Nh4 14. Bxh4 Qxh4
15. Rf3 Bd7 16. e5 dxe5 17. dxe5 Be6 18. Nd5 Rad8 19. Qb3 Na5 20. Qa4 Nxc4 21.
Nxc7 Nxe5 22. Re3 Re7 23. Nxe6 Rxe6 24. Qb3 Rb6 25. Qa4 Rxb2 26. Rd1 b5 27.
Rxd8+ Qxd8 28. Qxa7 Nc4 29. Qe7 Qb6 30. Qe8+ Bf8 31. Bd5 Qxe3+ 0-1